000 00503nam a2200181Ia 4500
008 240729s9999 xx 000 0 und d
022 _a2578-5745
245 0 _aACR Open Rheumatology
260 _aUnited States
260 _bWiley
650 _a Diseases of the musculoskeletal system
650 _a Internal medicine
650 _a Specialties of internal medicine
650 _aMedicine
856 _uhttps://doaj.org/toc/d37669dce0634f02a9757cba8badb6ea
942 _2ddc
942 _cDOAJEJ
999 _c72571
_d72571
945 _a1
_bMadushi Gamage
_c1
_dMadushi Gamage